000 01420nam a2200337 c 4500
003 BLK
005 20210203100001.0
008 180412b bul|||||r ||||||| ||bul||
010 _aKNG00007888000
020 _a954-8181-75-4
_bиздат.: Компас - на том(кн. 2)(грешен)
040 _aBLK
041 _aBUL
_cBUL
080 _aАмериканска литература (на САЩ)
_b821.111(73)
_x-31
_z821.111(73)-31
100 1 _aДелински, Барбара
_eпърви автор
_959608
700 1 _aКерчев, Златозар
_eпрев.
_9363981
139 _aДелински, Барбара
_bД 37
245 1 0 _aОбричане
_bРоман : Кн. 1 - 2
_cБарбара Делински; прев. Златозар Керчев.
_nКн. 2
257 _aUSA
260 Варна
_c1995
_fВ. Търново : Абагар
300 _c20 см
380 _aX
490 1 _aРоманите на розата
_v41
500 _aОриг. загл. Kommitments / Barbara Delinsky. - Офс. изд.
653 _aромантична проза
760 1 _3- на том(кн. 2)(грешен)
_aДелински, Барбара
_dКомпас, 1995
_h205 с.
_tКн. 2
852 _aЦб 183294
856 4 _qpdf
_u
856 4 _qpdf
_u
942 _cKNG
_n0
_014
944 _aCR
_c15.01.2003
_lф /
_kСимона_Петрова
944 _aED
_c23.06.2016
_lф /
_kЛюдмила_Стоянова
999 _c6637
_d6637